Kỹ thuật rung trong máy xây dựng

Sparad:
Bibliografiska uppgifter
Huvudupphovsman: Trần, Thị Hồng
Övriga upphovsmän: Nguyễn, Hồng Ngân
Materialtyp: Bok
Språk:Undetermined
Publicerad: TP.HCM Đại học Quốc gia TP.HCM 2008
Ämnen:
Länkar:http://lrc.tdmu.edu.vn/opac/search/detail.asp?aID=2&ID=3605
Taggar: Lägg till en tagg
Inga taggar, Lägg till första taggen!
Thư viện lưu trữ: Trung tâm Học liệu Trường Đại học Thủ Dầu Một
LEADER 00713nam a2200205Ia 4500
001 TDMU_3605
008 210410s9999 xx 000 0 und d
082 |a 624.028 
090 |b T685 
100 |a Trần, Thị Hồng 
245 0 |a Kỹ thuật rung trong máy xây dựng 
245 0 |c Nguyễn Thị Hồng (Ch.b.), Nguyễn Hồng Ngân 
260 |a TP.HCM 
260 |b Đại học Quốc gia TP.HCM 
260 |c 2008 
300 |a 290tr. 
650 |a Kỹ thuật rung; Máy xây dựng 
700 |a Nguyễn, Hồng Ngân 
856 |u http://lrc.tdmu.edu.vn/opac/search/detail.asp?aID=2&ID=3605 
980 |a Trung tâm Học liệu Trường Đại học Thủ Dầu Một